[Event "Tilburg"]
[Site "?"]
[Date "1994.??.??"]
[Round "?"]
[White "Bareev, E."]
[Black "Salov, V."]
[Result "1/2-1/2"]
[WhiteElo "2675"]
[BlackElo "2710"]
[PlyCount "102"]
[EventDate "1994.??.??"]
[Source "ChessBase"]
[SourceDate "1994.06.01"]

1. d4 Nf6 2. c4 e6 3. Nc3 Bb4 4. e3 O-O 5. Bd3 d5 6. Nf3 b6 7. O-O Bb7 8. cxd5 exd5 9. Ne5 c5 10. Ne2 c4 11. Bf5 g6 12. Bh3 b5 13. a4 a6 14. Nc3 Qb6 15. f4 Be7 16. axb5 axb5 17. Rxa8 Bxa8 18. f5 Bb7 19. g4 g5 20. Bg2 Ne4 21. Qc2 f6 22. Nf3 Nxc3 23. bxc3 Na6 24. e4 dxe4 25. Nd2 e3 26. Ne4 Nc7 27. Bxe3 Nd5 28. Qf2 Kg7 29. Bd2 h6 30. Re1 Rf7 31. h4 b4 32. hxg5 hxg5 33. cxb4 Nxb4 34. Rb1 Bxe4 35. Bxe4 Rf8 36. Bc3 Rb8 37. Qd2 Qd6 38. Qh2 Qxh2+ 39. Kxh2 Bd6+ 40. Kg2 Rb6 41. Rb2 Kf7 42. Kf3 Ke7 43. Rb1 Nd5 44. Rxb6 Nxb6 45. Bc6 Ba3 46. Ba5 Nc8 47. Ke4 Nd6+ 48. Kd5 Bc1 49. Bb4 Bf4 50. Bb5 Bg3 51. Bxc4 Bf4 1/2-1/2

[Event "Essen 84/(450)"]
[Site "?"]
[Date "2002.??.??"]
[Round "?"]
[White "Jussupow, A."]
[Black "Kasimdzhanov, R."]
[Result "1/2-1/2"]
[WhiteElo "2618"]
[BlackElo "2674"]
[PlyCount "40"]
[EventDate "2002.??.??"]
[Source "Chess Informant"]
[SourceDate "2002.02.01"]

1. d4 Nf6 2. c4 e6 3. Nc3 Bb4 4. e3 O-O 5. Bd3 d5 6. Nf3 b6 7. O-O Bb7 8. cxd5 exd5 9. Ne2 Nbd7 10. b3 Bd6 11. Ng3 g6 12. Bb2 Qe7 13. Rc1 a6 14. Qc2 Rfc8 15. Rfd1 Ne4 16. Bxe4 dxe4 17. Ne5 Nxe5 18. dxe5 Bxe5 19. Bxe5 Qxe5 20. Rd7 Bd5 1/2-1/2

[Event "Tilburg Fontys"]
[Site "Tilburg"]
[Date "1998.10.29"]
[Round "6"]
[White "Sadler, Matthew"]
[Black "Kortschnoj, Viktor"]
[Result "1/2-1/2"]
[WhiteElo "2660"]
[BlackElo "2625"]
[PlyCount "41"]
[EventDate "1998.10.23"]
[Source "www.chesslib.no"]
[SourceDate "2004.05.04"]

1. d4 Nf6 2. c4 e6 3. Nc3 Bb4 4. e3 O-O 5. Bd3 d5 6. Nf3 b6 7. O-O Bb7 8. cxd5 exd5 9. Ne5 Bd6 10. f4 c5 11. Qf3 Nc6 12. Qh3 g6 13. Kh1 a6 14. Bd2 b5 15. Rad1 cxd4 16. Nxc6 Bxc6 17. exd4 b4 18. Ne2 Bb5 19. f5 Bxd3 20. Qxd3 Ne4 21. Bf4 1/2-1/2

[Event "Nussloch"]
[Site "?"]
[Date "1996.??.??"]
[Round "?"]
[White "Jussupow, A."]
[Black "Dautov, R."]
[Result "1/2-1/2"]
[WhiteElo "2655"]
[BlackElo "2615"]
[PlyCount "66"]
[EventDate "1996.??.??"]
[Source "ChessBase"]
[SourceDate "1996.02.01"]

1. d4 Nf6 2. c4 e6 3. Nc3 Bb4 4. e3 O-O 5. Bd3 d5 6. Nf3 b6 7. O-O Bb7 8. cxd5 exd5 9. a3 Bd6 10. b4 a6 11. Qb3 Qe7 12. b5 axb5 13. Nxb5 Nbd7 14. Bb2 c5 15. dxc5 bxc5 16. Nxd6 Qxd6 17. Qc3 Ba6 18. Rfd1 Bxd3 19. Rxd3 Rfb8 20. Rc1 c4 21. Rdd1 Nc5 22. Qc2 Nd3 23. Bxf6 gxf6 24. Rxd3 cxd3 25. Qxd3 Qxa3 26. Qxa3 Rxa3 27. g3 Ra2 28. Nh4 Rbb2 29. Nf5 h6 30. Rf1 Kh7 31. Kg2 Rd2 32. g4 Kg6 33. Nh4+ Kh7 1/2-1/2

[Event "Garmisch"]
[Site "Garmisch"]
[Date "1994.??.??"]
[Round "14"]
[White "Jussupow, Artur"]
[Black "Kortschnoj, Viktor"]
[Result "1/2-1/2"]
[WhiteElo "2655"]
[BlackElo "2615"]
[PlyCount "91"]
[EventDate "1994.??.??"]
[Source "ChessBase"]

1. d4 Nf6 2. c4 e6 3. Nc3 Bb4 4. e3 O-O 5. Bd3 d5 6. Nf3 b6 7. O-O Bb7 8. a3 Bd6 9. cxd5 exd5 10. b4 a6 11. Qb3 Qe7 12. b5 a5 13. a4 Nbd7 14. Ba3 Rac8 15. Rfc1 Rfe8 16. Bf5 g6 17. Bh3 Rcd8 18. Bxd6 cxd6 19. Ne2 Nf8 20. Rc2 Ne6 21. Rac1 Rc8 22. g3 Rxc2 23. Rxc2 Rc8 24. Bg2 Rxc2 25. Qxc2 Ne4 26. Nd2 Nf6 27. Nb1 Ne4 28. Nbc3 N6g5 29. f3 Nf6 30. Qd2 Ne6 31. Kf2 g5 32. h3 h6 33. g4 Ng7 34. Ng3 h5 35. Bf1 h4 36. Nge2 Kf8 37. Bg2 Nge8 38. Qc2 Ng7 39. Qd3 Kg8 40. Qd2 Kf8 41. Qa2 Ne6 42. Qc2 Ng7 43. Qd3 Kg8 44. Qc2 Kf8 45. Qd3 Kg8 46. Qc2 1/2-1/2

[Event "Amsterdam"]
[Site "?"]
[Date "1994.??.??"]
[Round "?"]
[White "Yusupov, A."]
[Black "Benjamin, J."]
[Result "1-0"]
[WhiteElo "2655"]
[BlackElo "2610"]
[PlyCount "83"]
[EventDate "1994.??.??"]
[Source "ChessBase"]
[SourceDate "1994.06.01"]

1. d4 Nf6 2. c4 e6 3. Nc3 Bb4 4. e3 O-O 5. Bd3 d5 6. Nf3 b6 7. O-O Bb7 8. a3 Bd6 9. cxd5 exd5 10. b4 a6 11. Qb3 Nbd7 12. a4 Qe7 13. Ba3 Rfd8 14. b5 Bxa3 15. bxa6 Bxa6 16. Bxa6 Rxa6 17. Rxa3 c6 18. Ra2 Rda8 19. Rc1 h6 20. Rac2 Qd6 21. Nd2 Qe6 22. h3 Qf5 23. Nf1 c5 24. Ng3 Qg5 25. Rd2 cxd4 26. Rxd4 Nc5 27. Qd1 Ne6 28. Rb4 Rc8 29. Nxd5 Rxc1 30. Nxf6+ Qxf6 31. Qxc1 Nc5 32. Ne4 Qc6 33. Nxc5 bxc5 34. Rb5 c4 35. Rb8+ Kh7 36. Qc2+ g6 37. Qc3 f6 38. Qb4 g5 39. Qe7+ Kg6 40. Rg8+ Kh5 41. Qf7+ Kh4 42. g3+ 1-0

[Event "Corr"]
[Site "?"]
[Date "1999.06.30"]
[Round "?"]
[White "Bang Erik (DEN)"]
[Black "Sevecek Rudolf"]
[Result "1-0"]
[WhiteElo "2663"]
[BlackElo "2602"]
[PlyCount "97"]
[EventDate "1999.??.??"]
[Source "www.chesslib.no"]
[SourceDate "2004.05.04"]

1. Nf3 Nf6 2. c4 e6 3. Nc3 Bb4 4. e3 O-O 5. d4 d5 6. Bd3 b6 7. O-O Bb7 8. cxd5 exd5 9. Bd2 Nbd7 10. Qc2 a6 11. Ne5 Nxe5 12. dxe5 Ne4 13. Bxe4 dxe4 14. Rfd1 Re8 15. Nxe4 Bxd2 16. Nxd2 Qg5 17. e4 Qxe5 18. f3 Rad8 19. Nf1 Bc8 20. Rxd8 Rxd8 21. Rd1 Rd4 22. Qc3 c5 23. Rxd4 Qxd4+ 24. Qxd4 cxd4 25. Ng3 a5 26. Kf2 Be6 27. a3 g5 28. Ke2 Bc4+ 29. Kd2 f6 30. Ne2 d3 31. Nc1 Kf7 32. Nxd3 Ke7 33. Kc3 Be6 34. Kd4 Kd6 35. Nf2 Bd7 36. Nd1 f5 37. Ne3 fxe4 38. fxe4 b5 39. b4 axb4 40. axb4 Ke6 41. g3 Be8 42. Nd5 Bc6 43. h4 gxh4 44. gxh4 h6 45. Ne3 Kf6 46. Nf5 h5 47. Ng3 Be8 48. Kd5 Ke7 49. Ke5 1-0

[Event "Aker Brygge"]
[Site "Aker Brygge"]
[Date "1989.??.??"]
[Round "4"]
[White "Beliavsky, Alexander G"]
[Black "Tal, Mikhail N"]
[Result "1/2-1/2"]
[WhiteElo "2640"]
[BlackElo "2610"]
[PlyCount "98"]
[EventDate "1989.??.??"]
[Source "www.chesslib.no"]
[SourceDate "2004.05.04"]

1. d4 e6 2. c4 Nf6 3. Nc3 Bb4 4. e3 O-O 5. Bd3 d5 6. Nf3 b6 7. O-O Bb7 8. cxd5 exd5 9. Qc2 Nbd7 10. b3 c5 11. Bb2 Rc8 12. Rac1 cxd4 13. Nxd4 Ne4 14. Nde2 Ne5 15. Qd1 Qe7 16. Bb1 Rcd8 17. Qd4 Bc5 18. Nxd5 Rxd5 19. Qxe4 f5 20. Qf4 Bd6 21. Bxe5 Bxe5 22. Qa4 Ra5 23. Qc4+ Bd5 24. Qd3 Be4 25. Qc4+ Bd5 26. Qd3 Be4 27. Qd2 Rd8 28. Nd4 Bxh2+ 29. Kxh2 Qh4+ 30. Kg1 Bxg2 31. f4 Bxf1 32. Kxf1 Qh1+ 33. Ke2 Qg2+ 34. Kd3 Qd5 35. Kc3 Rc5+ 36. Kb2 g6 37. Rg1 Qd6 38. Bd3 Qf6 39. Kb1 Re8 40. Nf3 Rd8 41. Ne5 Kg7 42. Qb2 Rcd5 43. Bc2 Rc8 44. Rg2 Rc7 45. Qa3 Qd6 46. Qxd6 Rxd6 47. Bxf5 Rd1+ 48. Kb2 Re1 49. Rg3 Kf6 1/2-1/2

[Event "Bundesliga"]
[Site "Bundesliga"]
[Date "1992.??.??"]
[Round "?"]
[White "Huebner, Robert"]
[Black "Khalifman, Alexander V"]
[Result "0-1"]
[WhiteElo "2615"]
[BlackElo "2625"]
[PlyCount "62"]
[EventDate "1992.??.??"]
[Source "www.chesslib.no"]
[SourceDate "2004.05.04"]

1. d4 Nf6 2. c4 e6 3. Nc3 Bb4 4. e3 O-O 5. Bd3 d5 6. Nf3 b6 7. O-O Bb7 8. a3 Bd6 9. b4 dxc4 10. Bxc4 Nbd7 11. Bb2 a5 12. b5 e5 13. Re1 e4 14. Nd2 Qe7 15. f4 exf3 16. gxf3 Rad8 17. Qe2 Rfe8 18. Qf2 Nf8 19. Nde4 Ng6 20. Nxd6 cxd6 21. Bf1 Nh5 22. e4 Nhf4 23. Qg3 Qc7 24. Nd5 Qe7 25. Nxf4 Bxe4 26. Bc1 h6 27. Bd3 Qf6 28. Be3 Bxf3 29. Bxg6 fxg6 30. h4 Bd5 31. Kf2 Kh7 0-1

[Event "URS-World"]
[Site "London"]
[Date "1984.??.??"]
[Round "4.4"]
[White "Smyslov, Vassily"]
[Black "Ljubojevic, Ljubomir"]
[Result "1/2-1/2"]
[WhiteElo "2600"]
[BlackElo "2635"]
[PlyCount "28"]
[EventDate "1984.06.??"]
[Source "ChessBase"]

1. d4 Nf6 2. Nf3 e6 3. c4 b6 4. Nc3 Bb4 5. Bd2 Bb7 6. e3 O-O 7. Bd3 d5 8. O-O c5 9. a3 Bxc3 10. Bxc3 dxc4 11. Bxc4 Ne4 12. Rc1 Nd7 13. dxc5 Nxc3 14. Rxc3 Nxc5 1/2-1/2

[Event "Horgen"]
[Site "?"]
[Date "1995.??.??"]
[Round "?"]
[White "Kortchnoi, V."]
[Black "Timman, J."]
[Result "1-0"]
[WhiteElo "2635"]
[BlackElo "2590"]
[PlyCount "63"]
[EventDate "1995.??.??"]
[Source "ChessBase"]
[SourceDate "1995.10.01"]

1. d4 Nf6 2. c4 e6 3. Nc3 Bb4 4. e3 O-O 5. Bd3 d5 6. Nf3 b6 7. a3 Bd6 8. e4 dxe4 9. Nxe4 Nbd7 10. O-O Bb7 11. Nxd6 cxd6 12. Bg5 h6 13. Bh4 d5 14. cxd5 Bxd5 15. Re1 Qc7 16. Ne5 Rfc8 17. Re3 Bb7 18. Qd2 Nxe5 19. dxe5 Nd5 20. Re4 Kf8 21. Rae1 Qc5 22. Rg4 Rc7 23. Bh7 g5 24. Bg3 f5 25. exf6 Rxh7 26. h4 gxh4 27. Rxh4 Qc6 28. Rc1 Qd7 29. Rxh6 Rc8 30. Bd6+ Ke8 31. Rxc8+ Bxc8 32. f7+ 1-0

[Event "RUS-ch"]
[Site "Elista"]
[Date "1995.??.??"]
[Round "5"]
[White "Bareev, Evgeny"]
[Black "Sakaev, Konstantin"]
[Result "1/2-1/2"]
[WhiteElo "2650"]
[BlackElo "2570"]
[PlyCount "66"]
[EventDate "1995.10.??"]
[Source "ChessBase"]

1. d4 Nf6 2. c4 e6 3. Nc3 Bb4 4. e3 O-O 5. Bd3 d5 6. Nf3 b6 7. O-O Bb7 8. cxd5 exd5 9. Ne5 c5 10. Bd2 Nc6 11. Nxc6 Bxc6 12. a3 Bxc3 13. Bxc3 c4 14. Bc2 Re8 15. Qe2 b5 16. a4 a6 17. axb5 axb5 18. Bb4 Qb6 19. Rxa8 Rxa8 20. f3 Re8 21. Rd1 Bb7 22. Qf2 g6 23. Ra1 Nd7 24. h3 Nb8 25. Bc5 Qc7 26. e4 Na6 27. exd5 Nxc5 28. dxc5 Bxd5 29. Rd1 Be6 30. Rd6 Rc8 31. Qd4 Kf8 32. Rxe6 fxe6 33. Qh8+ Ke7 1/2-1/2

[Event "Belgrade-Moscow"]
[Site "Belgrade SCG"]
[Date "1974.??.??"]
[Round "6"]
[White "Gligoric, Svetozar"]
[Black "Tal, Mikhail N"]
[Result "1/2-1/2"]
[WhiteElo "2585"]
[BlackElo "2635"]
[PlyCount "23"]
[EventDate "1974.11.03"]
[Source "www.chesslib.no"]
[SourceDate "2004.05.04"]

1. d4 Nf6 2. c4 e6 3. Nc3 Bb4 4. e3 O-O 5. Bd3 d5 6. Nf3 b6 7. O-O Bb7 8. a3 Bd6 9. b4 dxc4 10. Bxc4 Nbd7 11. Bb2 e5 12. Nb5 1/2-1/2

[Event "Campionato europeo 2007"]
[Site "Dresda GER"]
[Date "2007.04.11"]
[Round "8.60"]
[White "Andreikin, Dmitry"]
[Black "Van Wely, Loek"]
[Result "1/2-1/2"]
[WhiteElo "2532"]
[BlackElo "2674"]
[PlyCount "123"]
[EventDate "2007.04.03"]
[Source "www.chesslib.no"]
[SourceDate "2004.05.04"]

1. Nf3 Nf6 2. c4 e6 3. d4 b6 4. Nc3 Bb4 5. e3 O-O 6. Bd3 d5 7. cxd5 exd5 8. O-O Re8 9. a3 Bd6 10. b4 Bg4 11. Qc2 a6 12. Nd2 Bh5 13. Bb2 Bg6 14. Bxg6 hxg6 15. e4 dxe4 16. Ndxe4 Nc6 17. Rfd1 Nxe4 18. Nxe4 Bxh2+ 19. Kxh2 Qh4+ 20. Kg1 Qxe4 21. Qxe4 Rxe4 22. Rac1 Ne7 23. Rxc7 Rd8 24. d5 Rxd5 25. Rxd5 Nxd5 26. Rd7 Nf4 27. Rd8+ Kh7 28. Rd7 Re1+ 29. Kh2 Re2 30. Bc1 g5 31. Be3 f6 32. Bxb6 Ra2 33. Be3 Rxa3 34. Bxf4 gxf4 35. f3 Ra4 36. Rb7 Kh6 37. b5 a5 38. Ra7 g5 39. b6 Kg6 40. b7 Rb4 41. Kg1 Kh5 42. Kf1 a4 43. Kg1 f5 44. Kh2 a3 45. Rxa3 Rxb7 46. Ra5 Rf7 47. Ra4 Kg6 48. Rb4 Rf6 49. Ra4 Rd6 50. Kg1 Kf6 51. Kf1 Ke5 52. Ra5+ Rd5 53. Ra4 Rb5 54. Kf2 Kd5 55. Kf1 Kc5 56. Kf2 Kb6 57. Ke2 Rb2+ 58. Kf1 Rd2 59. Rc4 Ra2 60. Rc8 Ra1+ 61. Kf2 Ra2+ 62. Kf1 1/2-1/2

[Event "Nussloch"]
[Site "?"]
[Date "1996.??.??"]
[Round "?"]
[White "Lutz, Ch"]
[Black "Hracek, Z."]
[Result "1/2-1/2"]
[WhiteElo "2555"]
[BlackElo "2650"]
[PlyCount "112"]
[EventDate "1996.??.??"]
[Source "ChessBase"]
[SourceDate "1996.02.01"]

1. d4 Nf6 2. c4 e6 3. Nc3 Bb4 4. e3 O-O 5. Bd3 d5 6. Nf3 b6 7. O-O Bb7 8. cxd5 exd5 9. a3 Bd6 10. b4 a6 11. Qb3 Qe7 12. b5 axb5 13. Nxb5 Nbd7 14. Bb2 c5 15. Nxd6 Qxd6 16. Bf5 c4 17. Qc2 Rfe8 18. Ne5 Bc8 19. Qb1 Qc7 20. Bxd7 Bxd7 21. f3 Rec8 22. Bc3 Ne8 23. e4 Nd6 24. Nxd7 Qxd7 25. a4 Rab8 26. e5 Nf5 27. Rf2 Ra8 28. Rb2 g6 29. Rb5 h5 30. Kf2 Ra6 31. Qb4 Qd8 32. g3 Rca8 33. Ra2 Ng7 34. Qd6 Nf5 35. Qxd5 Qxd5 36. Rxd5 Rxa4 37. Rxa4 Rxa4 38. Rd8+ Kg7 39. d5 Ra3 40. Bb4 Ra2+ 41. Ke1 Nd4 42. e6 fxe6 43. dxe6 Nxe6 44. Rd7+ Kg8 45. Rd6 Rb2 46. Rxe6 Rxb4 47. Rxg6+ Kf7 48. Rh6 Rb2 49. h4 b5 50. Kd1 Ke7 51. Kc1 c3 52. g4 hxg4 53. fxg4 Kd7 54. h5 b4 55. Rb6 Kc7 56. Rf6 b3 1/2-1/2

[Event "Nederland 81/445"]
[Site "?"]
[Date "2001.??.??"]
[Round "?"]
[White "Lautier, J."]
[Black "Chuchelov, V."]
[Result "1-0"]
[WhiteElo "2658"]
[BlackElo "2539"]
[PlyCount "75"]
[EventDate "2001.??.??"]
[Source "Chess Informant"]
[SourceDate "2001.02.01"]

1. d4 Nf6 2. c4 e6 3. Nc3 Bb4 4. e3 O-O 5. Bd3 d5 6. Nf3 b6 7. O-O Bb7 8. cxd5 exd5 9. Ne5 Bd6 10. f4 c5 11. Qf3 Nc6 12. Qh3 g6 13. Kh1 Re8 14. Ne2 Rc8 15. Bd2 Rc7 16. Rad1 Qc8 17. Qh4 Be7 18. f5 Ne4 19. Qh3 Nxe5 20. dxe5 Bf8 21. Bxe4 dxe4 22. Bc3 Ba6 23. e6 Bxe2 24. fxg6 fxe6 25. Rf7 h5 26. Re1 Bg4 27. Qh4 e5 28. Ref1 Bg7 29. h3 Be2 30. R1f2 Bd1 31. Qxe4 Rce7 32. Qd5 Qe6 33. Qxd1 Qxg6 34. R7f5 Rf8 35. e4 h4 36. Rxf8+ Bxf8 37. Qd8 Rf7 38. Qd5 1-0

[Event "Tch-NED, NED"]
[Site "?"]
[Date "2001.??.??"]
[Round "6"]
[White "Lautier, J."]
[Black "Chuchelov, V."]
[Result "1-0"]
[WhiteElo "2655"]
[BlackElo "2535"]
[PlyCount "53"]
[EventDate "2001.??.??"]
[Source "www.chesslib.no"]
[SourceDate "2004.05.04"]

1. d4 Nf6 2. c4 e6 3. Nc3 Bb4 4. e3 O-O 5. Bd3 d5 6. Nf3 b6 7. O-O Bb7 8. cxd5 exd5 9. Ne5 Bd6 10. f4 c5 11. Qf3 Nc6 12. Qh3 g6 13. Kh1 Re8 14. Be2 Rc8 15. Bd2 Rc7 16. Rad1 Qc8 17. Qh4 Be7 18. f5 Ne4 19. Qh3 Nxe5 20. dxe5 Bf8 21. Nxe4 dxe4 22. Bc3 Ba6 23. e6 Bxe2 24. fxg6 fxg6 25. Rf7 h5 26. Re1 Bg4 27. Qh4 1-0

[Event "CZE-chT9900"]
[Site "CZE"]
[Date "2000.??.??"]
[Round "8"]
[White "Babula, Vlastimil"]
[Black "Hracek, Zbynek"]
[Result "1/2-1/2"]
[WhiteElo "2570"]
[BlackElo "2620"]
[PlyCount "50"]
[EventDate "1999.??.??"]
[Source "www.chesslib.no"]
[SourceDate "2004.05.04"]

1. d4 Nf6 2. c4 e6 3. Nc3 Bb4 4. e3 O-O 5. Bd3 d5 6. Nf3 b6 7. O-O Bb7 8. Bd2 dxc4 9. Bxc4 Nbd7 10. Rc1 Qe7 11. a3 Bd6 12. Re1 e5 13. e4 exd4 14. Nd5 Nxd5 15. exd5 Qf6 16. Bg5 Qg6 17. Qxd4 Rfe8 18. Bd3 f5 19. b4 Nf6 20. Bxf6 Qxf6 21. Qxf6 gxf6 22. Nd4 Bxd5 23. Nxf5 Bf4 24. Rcd1 Bb3 25. Bb5 Bxd1 1/2-1/2

[Event "Piatka op"]
[Site "Swidnica"]
[Date "1997.??.??"]
[Round "?"]
[White "Malaniuk, Vladimir P"]
[Black "Lerner, Konstantin Z"]
[Result "0-1"]
[WhiteElo "2610"]
[BlackElo "2570"]
[PlyCount "79"]
[EventDate "1997.??.??"]
[Source "www.chesslib.no"]
[SourceDate "2004.05.04"]

1. d4 Nf6 2. c4 e6 3. Nf3 b6 4. e3 Bb7 5. Nc3 Bb4 6. Bd3 O-O 7. O-O d5 8. cxd5 exd5 9. Ne2 Bd6 10. b3 Re8 11. Bb2 Nbd7 12. Ng3 g6 13. Nd2 h5 14. Re1 Ne4 15. Ngf1 Qg5 16. f3 Nxd2 17. Qxd2 Nf6 18. Re2 h4 19. a4 a5 20. Ba3 Bxa3 21. Rxa3 c5 22. Bb5 Re7 23. Ra1 Rc8 24. Rc1 Rec7 25. dxc5 Rxc5 26. Rxc5 Rxc5 27. Qd4 Nh5 28. Rd2 Ng7 29. b4 Ne6 30. Qb2 axb4 31. Qxb4 h3 32. g3 Qf6 33. Be2 Ng5 34. Qf4 Qxf4 35. gxf4 Ne6 36. Rb2 Bc6 37. Rxb6 Bxa4 38. Ng3 d4 39. Rb1 Rc8 40. Kf2 0-1

[Event "FRG Ch int 4th"]
[Site "Bad Lauterberg GER"]
[Date "1977.??.??"]
[Round "2"]
[White "Gligoric, Svetozar"]
[Black "Huebner, Robert"]
[Result "1/2-1/2"]
[WhiteElo "2565"]
[BlackElo "2600"]
[PlyCount "137"]
[EventDate "1977.03.??"]
[Source "www.chesslib.no"]
[SourceDate "2004.05.04"]

1. d4 Nf6 2. c4 e6 3. Nc3 Bb4 4. e3 b6 5. Bd3 Bb7 6. Nf3 O-O 7. O-O d5 8. a3 Bxc3 9. bxc3 dxc4 10. Bxc4 c5 11. Bd3 Qc7 12. Bb2 Rd8 13. Re1 Be4 14. Bxe4 Nxe4 15. Qd3 f5 16. c4 Nc6 17. Rad1 Rac8 18. d5 Ne7 19. g4 exd5 20. gxf5 Nxf5 21. cxd5 Nfd6 22. Be5 Qf7 23. Bxd6 Qxf3 24. Bg3 c4 25. Qf1 c3 26. Qe2 Qf5 27. d6 c2 28. Rc1 Rc5 29. Kg2 Qd5 30. f3 Nxg3 31. hxg3 Rdc8 32. e4 Qxd6 33. e5 Qe6 34. Qf2 h5 35. Re2 Rxe5 36. Rxe5 Qxe5 37. Rxc2 Re8 38. Qd2 Rf8 39. Rc4 Qe6 40. Re4 Qb3 41. Re3 Qf7 42. Qe2 Rc8 43. Re4 Qg6 44. a4 Kh7 45. Qd2 Rc5 46. Qd7 Rc2+ 47. Kh3 Rf2 48. Rf4 Qc2 49. Qf5+ Qxf5+ 50. Rxf5 Kg6 51. Rf4 a5 52. Rf8 Rb2 53. Rd8 Rb4 54. Rd6+ Kf5 55. f4 h4 56. gxh4 Kxf4 57. Rg6 Kf5 58. h5 Rxa4 59. Rxb6 Ra1 60. Kg2 Kg5 61. Rg6+ Kxh5 62. Rxg7 a4 63. Rg8 a3 64. Rg3 Kh4 65. Rg8 Kh5 66. Rg3 Kh6 67. Rg8 Kh7 68. Rg3 Ra2+ 69. Kf3 1/2-1/2

[Event "EU-chT (Men)"]
[Site "Batumi"]
[Date "1999.11.30"]
[Round "2.3"]
[White "Babula, Vlastimil"]
[Black "Lutz, Christopher"]
[Result "1/2-1/2"]
[WhiteElo "2567"]
[BlackElo "2591"]
[PlyCount "45"]
[EventDate "1999.11.06"]
[Source "ChessBase"]
[SourceDate "2000.02.01"]

1. d4 Nf6 2. c4 e6 3. Nc3 Bb4 4. e3 O-O 5. Bd3 d5 6. Nf3 b6 7. O-O Bb7 8. cxd5 exd5 9. Bd2 Bd6 10. Rc1 c5 11. dxc5 bxc5 12. Ne2 Nbd7 13. Bc3 Qe7 14. Ng3 g6 15. Re1 Rfd8 16. Qa4 Ne4 17. Bxe4 dxe4 18. Nd2 Nb6 19. Qc2 Re8 20. Red1 Rad8 21. Ba5 Qe6 22. b3 h5 23. Nc4 1/2-1/2

[Event "New York op"]
[Site "New York"]
[Date "1997.??.??"]
[Round "?"]
[White "Ibragimov, Ildar"]
[Black "Ivanov, Alexander"]
[Result "1-0"]
[WhiteElo "2555"]
[BlackElo "2600"]
[PlyCount "61"]
[EventDate "1997.04.02"]
[Source "ChessBase"]

1. d4 Nf6 2. c4 e6 3. Nc3 Bb4 4. e3 O-O 5. Bd3 d5 6. Nf3 b6 7. a3 Bxc3+ 8. bxc3 Ba6 9. cxd5 Bxd3 10. Qxd3 Qxd5 11. O-O c5 12. Nd2 Rd8 13. e4 Qb7 14. Re1 Nc6 15. Nf3 cxd4 16. cxd4 Nxd4 17. Nxd4 e5 18. Bb2 exd4 19. Bxd4 Rd7 20. e5 Ne8 21. e6 fxe6 22. Rxe6 Qd5 23. Qe2 Nc7 24. Re4 Rad8 25. Re1 Qb3 26. Qg4 Qf7 27. h3 Re8 28. Be5 h6 29. Qg3 Rde7 30. Bxg7 Kh7 31. Bxh6 1-0

[Event "Campionato europeo 2007"]
[Site "Dresda GER"]
[Date "2007.04.12"]
[Round "9.64"]
[White "Frolyanov, Dmitry"]
[Black "Khenkin, Igor"]
[Result "1/2-1/2"]
[WhiteElo "2525"]
[BlackElo "2629"]
[PlyCount "26"]
[EventDate "2007.04.03"]
[Source "www.chesslib.no"]
[SourceDate "2004.05.04"]

1. d4 Nf6 2. c4 e6 3. Nc3 Bb4 4. e3 O-O 5. Bd3 d5 6. Nf3 b6 7. O-O Bb7 8. cxd5 exd5 9. a3 Bd6 10. b4 a6 11. Qb3 Qe7 12. Rb1 Nbd7 13. a4 Rfe8 1/2-1/2

[Event "Wichern Open 3rd"]
[Site "Hamburg GER"]
[Date "1995.??.??"]
[Round "8"]
[White "Malaniuk, Vladimir P"]
[Black "Chuchelov, Vladimir"]
[Result "1/2-1/2"]
[WhiteElo "2615"]
[BlackElo "2530"]
[PlyCount "38"]
[EventDate "1995.09.??"]
[Source "www.chesslib.no"]
[SourceDate "2004.05.04"]

1. d4 Nf6 2. Nf3 e6 3. c4 b6 4. e3 Bb7 5. Nc3 Bb4 6. Bd3 O-O 7. O-O d5 8. a3 Bd6 9. cxd5 exd5 10. b4 a6 11. Qb3 Qe7 12. Bb2 Nbd7 13. b5 axb5 14. Nxb5 c5 15. dxc5 Nxc5 16. Qd1 Nxd3 17. Qxd3 Bc5 18. Nfd4 Qe4 19. Rfd1 Qxd3 1/2-1/2

[Event "Villa Martelli"]
[Site "Villa Martelli"]
[Date "1997.06.11"]
[Round "11"]
[White "Ehlvest, Jaan"]
[Black "Slipak, Sergio"]
[Result "1-0"]
[WhiteElo "2635"]
[BlackElo "2505"]
[PlyCount "63"]
[EventDate "1997.06.01"]
[Source "ChessBase"]
[SourceDate "1997.10.13"]

1. d4 Nf6 2. c4 e6 3. Nc3 Bb4 4. e3 b6 5. Bd3 Bb7 6. Nf3 O-O 7. O-O d5 8. cxd5 exd5 9. a3 Bd6 10. b4 Nbd7 11. Qb3 Re8 12. a4 c6 13. Ba3 Nf8 14. Ne2 Ne4 15. Ng3 Qd7 16. Rfd1 f5 17. Bb2 Ng6 18. a5 Rab8 19. axb6 axb6 20. Ra7 Kh8 21. b5 Bxg3 22. hxg3 c5 23. dxc5 bxc5 24. Bc4 dxc4 25. Rxd7 cxb3 26. Rxg7 c4 27. Rgxb7+ c3 28. Rxh7+ Kg8 29. Rag7+ Kf8 30. Ba3+ Re7 31. Rxg6 Rbb7 32. Ne5 1-0

[Event "Calviá ol (Men)"]
[Site "Mallorca"]
[Date "2004.10.20"]
[Round "6.25"]
[White "Kortschnoj, Viktor"]
[Black "Rahman, Ziaur"]
[Result "1/2-1/2"]
[WhiteElo "2601"]
[BlackElo "2535"]
[PlyCount "134"]
[EventDate "2004.10.15"]
[Source "Roberto Alvarez"]
[SourceDate "2004.10.25"]

1. d4 e6 2. c4 b6 3. Nc3 Bb4 4. Bd2 Nf6 5. e3 O-O 6. Bd3 Bb7 7. Nf3 d5 8. O-O Nbd7 9. Nxd5 Nxd5 10. cxd5 Bxd2 11. Qxd2 Bxd5 12. Qc2 h6 13. e4 Bb7 14. Rad1 Rc8 15. Qa4 a6 16. b4 Qe7 17. Rfe1 Ra8 18. Bb1 Rfc8 19. Qb3 Rab8 20. Qc3 Nf6 21. h3 c5 22. bxc5 bxc5 23. d5 exd5 24. exd5 Qd6 25. Nh4 Nxd5 26. Qxg7+ Kxg7 27. Nf5+ Kf8 28. Nxd6 Rd8 29. Nxb7 Rxb7 30. Re5 Rbb8 31. Bc2 Nb4 32. Rxd8+ Rxd8 33. Rxc5 Nxa2 34. Bb3 Nb4 35. Rc7 Nd5 36. Rc6 Kg7 37. Rxa6 Rd7 38. Ra4 Nf6 39. g3 Rd3 40. Rb4 Rd2 41. Rf4 Rd7 42. Kg2 Rb7 43. Bc4 Ra7 44. g4 Re7 45. Rf5 Rc7 46. Rf4 Re7 47. f3 Nd7 48. Kg3 Ne5 49. Bf1 Ng6 50. Rd4 Re1 51. Kf2 Rc1 52. f4 Rc3 53. Re4 Kf8 54. Ra4 Kg7 55. Rd4 Ra3 56. Bc4 Ra4 57. Ke3 Ne7 58. Re4 Nc8 59. Bd3 Rxe4+ 60. Kxe4 Kf6 61. h4 Ne7 62. g5+ Kg7 63. Ke5 Ng8 64. gxh6+ Nxh6 65. Be2 f6+ 66. Ke4 Nf7 67. Bg4 Ne5 1/2-1/2

[Event "otb"]
[Site "otb"]
[Date "2007.03.15"]
[Round "6"]
[White "Vitiugov Nikita"]
[Black "Iljin Artem"]
[Result "1-0"]
[WhiteElo "2604"]
[BlackElo "2529"]
[PlyCount "67"]
[Source "www.chesslib.no"]
[SourceDate "2004.05.04"]

1. d4 Nf6 2. c4 e6 3. Nc3 Bb4 4. e3 O-O 5. Bd3 d5 6. Nf3 b6 7. O-O Bb7 8. cxd5 exd5 9. a3 Bd6 10. b4 a6 11. Qb3 Qe7 12. Rb1 Nbd7 13. a4 c6 14. a5 bxa5 15. bxa5 Rab8 16. Qa2 c5 17. Ba3 cxd4 18. Bxd6 Qxd6 19. exd4 Ne4 20. Rfc1 Rfc8 21. Nd1 h6 22. h3 Rc7 23. Rxc7 Qxc7 24. Qa3 Bc8 25. Rxb8 Nxb8 26. Ne3 Bb7 27. Ne5 Nd6 28. h4 h5 29. Nc2 Nd7 30. Nxd7 Qxd7 31. Qc5 Nc4 32. Ne3 Qb5 33. Qc7 Bc6 34. Nxc4 1-0

[Event "RUS-ch"]
[Site "Elista"]
[Date "1996.??.??"]
[Round "4"]
[White "Ibragimov, Ildar"]
[Black "Sokolov, Andrei"]
[Result "1/2-1/2"]
[WhiteElo "2545"]
[BlackElo "2585"]
[PlyCount "51"]
[EventDate "1996.10.15"]
[Source "ChessBase"]

1. d4 Nf6 2. c4 e6 3. Nc3 Bb4 4. e3 O-O 5. Bd3 d5 6. Nf3 b6 7. a3 Bd6 8. e4 dxe4 9. Nxe4 Nbd7 10. O-O Bb7 11. Qe2 Nxe4 12. Bxe4 Bxe4 13. Qxe4 c5 14. Rd1 Qc7 15. Bg5 Rae8 16. Qd3 Be7 17. Bxe7 Rxe7 18. b4 e5 19. Ng5 Nf6 20. dxc5 bxc5 21. Ne4 Nxe4 22. Qxe4 cxb4 23. axb4 Qb7 24. Qxb7 Rxb7 25. b5 Rc8 26. Ra4 1/2-1/2